Transforming the Western Balkans through Near-shoring and Decarbonisation

Na minha lista:
Detalhes bibliográficos
Autor principal: Jovanović, Branimir
Outros Autores: Zlatanović, Adam, Kluge, Sophia
Formato: Livro
Idioma:inglês
Publicado em: Vienna The Vienna Institute for International Economic Studies 2024
Assuntos:
Tags: Adicionar Tag
Sem tags, seja o primeiro a adicionar uma tag!

MARC

LEADER 00000nlm a2200000 4500
001 0304843
005 20241025221716.5
041 0 |a eng 
044 |a AT 
245 1 0 |a Transforming the Western Balkans through Near-shoring and Decarbonisation  |c Branimir Jovanović ... [et al.] 
264 1 |a Vienna  |b The Vienna Institute for International Economic Studies  |c 2024 
300 |a 148 s. 
610 2 0 |a nearshoring 
610 2 0 |a ochrana prostredia životného 
610 2 0 |a transformácia 
610 2 0 |a Balkán 
100 1 |a Jovanović, Branimir 
700 1 |a Zlatanović, Adam 
700 1 |a Kluge, Sophia